000 00783nam a2200229 i 4500
001 90773
003 ES-MaACL
005 20250718062539.0
007 t|
008 050124s1956 sp |||| | spa d
080 _a171(04)
100 1 _aLeclercq, Jacques.
_971094
245 1 4 _aLas grandes líneas de la filosofía moral /
_cJacques Leclercq ; [versión castellana de José Pérez Riesco].
260 _aMadrid :
_bGredos,
_c[1956] (
_fJura)
300 _a521 p. ;
_c20 cm.
490 1 _aBiblioteca hispánica de filosofía ;
_v1
650 7 _aÉtica
_2embne
_912577
700 1 _aPérez Riesco, José.
_991107
830 0 _aBiblioteca hispánica de filosofía ;
_v1
_9181000
852 _aES-MaACL
_jC-10558
_z. - Biblioteca Jacinto Martínez Lacalle
999 _c90773
_d90773